Una introducción a la teoría axiomática de conjuntos /

Guardado en:
Autor Principal: Cignoli, Roberto.
Formato: Libro
Idioma:Spanish
Publicado: Santa Fe, Argentina : CIMEC-IMAL, [2002]
Series:Cuadernos de matemática y mecánica. Serie Cursos y seminarios ; no. 8
Acceso en línea:PDF (UBA, ed. de 2016)
Etiquetas: Agregar Etiqueta
Sin Etiquetas, Sea el primero en etiquetar este registro!
LEADER 01303nam a22002055a 4500
001 MAT.inmabb003125
008 051027s2002####ag#######b####001#0#spa#d
005 20180503123433.0
245 1 4 |a Una introducción a la teoría axiomática de conjuntos /  |c Roberto Cignoli. 
260 |a Santa Fe, Argentina :  |b CIMEC-IMAL,  |c [2002] 
300 |a 84 p. ;  |c 24 cm. 
440 0 |a Cuadernos de matemática y mecánica.  |p Serie Cursos y seminarios ;  |v no. 8 
500 |a Basada en las notas de un curso dictado en el Departamento de Matemática de la Facultad de Ingeniería Química de la Universidad Nacional del Litoral en 1999, en el marco del Proyecto FOMEC. 
504 |a Incluye referencias bibliográficas (p. 81) e índice. 
505 0 |a 1. Teoría axiomática -- 2. El axioma del infinito -- 3. El axioma de sustitución -- 4. Aritmética de ordinales -- 5. El axioma de elección -- 6. Principio de buena ordenación -- 7. Cardinales -- 8. El axioma de regularidad -- 9. Modelos. 
500 |a Una edición aumentada fue publicada en 2016 por el Departamento de Matemática de la UBA (Cursos de grado, fasc. 8). 
100 1 |a Cignoli, Roberto. 
084 |a 03E30 (03-01)  |2 msc2000 
856 4 2 |u http://cms.dm.uba.ar/depto/public/grado/fascgrado8.pdf  |y PDF (UBA, ed. de 2016) 
859 |h 03  |i C571i  |p A-9147  |b BIB. MATEMATICA